00481nam a2200193 a 4500001001300000003000900013005001700022008004100039020001000080082001600090100002500106245001900131260003600150300000900186500003500195505001000230650002200240700002500262nice12345678IN_TiNIC20260116011408.0050524s1969 luca grp 000 0 urd  ac4.500a891.41bSID aSiddiqi, Zahir Ahmed aFani Ki Shairi aLucknowbNaseem Book Depoc1969 a237p aincludes index and biblioraphy2 aIndex aUrdu-Poetry-faani1 aSiddiqi, Zahir Ahmed